[Event "KSB 24/25,Koprivnice A - Slavoj F"]
[White "Stefanik, Marek"]
[Black "Zidek, Vaclav"]
[Site "?"]
[Round "11.1"]
[Annotator "Taktická analýza 7.0"]
[Result "1/2-1/2"]
[Date "2025.03.30"]
[WhiteElo "2069"]
[BlackElo "2132"]
[PlyCount "105"]
[GameId "2161189771574665"]
[EventDate "2025.??.??"]

{[%evp 10,105,40,28,29,2,14,6,21,4,28,-25,7,0,2,0,9,0,77,61,207,203,223,86,81,79,179,112,115,0,0,-17,-13,-42,0,0,0,0,0,0,0,0,0,0,-2,0,0,0,0,0,0,0,0,0,0,0,0,0,0,0,25,0,0,0,986,740,1069,922,947,0,0,0,0,0,0,0,0,0,0,0,0,0,0,0,0,0,0,0,0,0,0,0,0,0,0,0,0,0]} 1. e4 e6 2. d4 d5 3. Nc3 Nf6 4. Bg5 dxe4 5. Nxe4 Nbd7 6. Nxf6+ Nxf6 {C13: Francouzská obrana, klasická varianta, Aljechin-Chatardův útok.} 7. Bd3 h6 (7... Qxd4 $2 8. Bb5+ $18) 8. Bh4 c5 (8... Qxd4 $2 9. Bb5+ Bd7 10. Qxd4 $18) 9. dxc5 {b4 is in the air} Bxc5 10. c3 Bd7 11. Nf3 {Zabraňuje e5} Bc6 12. Ne5 $146 ({Přechůdce:} 12. O-O Qd5 13. Qc2 Qh5 14. Bxf6 Bxf3 15. gxf3 gxf6 16. Be2 Rg8+ 17. Kh1 O-O-O 18. b4 {0-1 Ambrozova,L (1725)-Kazarian,A (2108) EU-ch U14 Girls 24th Batumi 2014 (1)}) 12... Qd5 (12... Bxg2 $6 13. Rg1 Bd6 14. Bxf6 (14. Rxg2 Bxe5 15. f4 Bd6 $14) 14... gxf6 (14... Qxf6 $2 15. Nc4 $18) 15. Bb5+ (15. Nxf7 Kxf7 16. Rxg2 Qa5 $16) 15... Bc6 (15... Ke7 16. Nxf7 Kxf7 17. Rxg2 $16) 16. Nxc6 (16. Bxc6+ bxc6 17. Nxc6 Qc7 $11) 16... bxc6 17. Bxc6+ Ke7 18. Bxa8 Qxa8 19. Qh5 $16) 13. Qe2 {[#]} (13. Nxc6 Qxg2 (13... Qxc6 14. O-O $11) 14. Rf1 bxc6 $15 (14... Qxc6 15. Qe2 $15)) 13... Qxg2 14. O-O-O {[%cal Ba1d1,Bd1d3,Bd3g3][%mdl 32]} Qh3 (14... Qxh1 $2 15. Rxh1 Bxh1 16. Bb5+ Ke7 (16... Kf8 $2 17. Bxf6 {[%mdl 64] Likvidace obrany} gxf6 18. Nd7+ Ke7 19. Nxc5 $18) 17. Qh5 $18) 15. Bxf6 gxf6 16. Nxc6 bxc6 17. Be4 O-O 18. Rd3 {hrozí Vg1+ mat.} ({a ne} 18. Bxc6 Rad8 $11) 18... Qh4 {[%cal Of8d8]} 19. Rg3+ ({nehrajte} 19. Bxc6 Rad8 $11) 19... Kh8 20. Qf3 {[%cal Ob2b4] Odráží Df4+.} f5 21. Bxc6 Rad8 22. Rhg1 Rg8 23. Rxg8+ Rxg8 24. Rxg8+ Kxg8 25. Qg3+ Qxg3 26. fxg3 $11 {[%mdl 4096] Koncovka KS-KS} Bg1 27. h3 {[%cal Bh2h3,Bh3g4][%mdl 32]} Bh2 28. g4 fxg4 29. hxg4 Kg7 30. b4 Kf6 31. Kd2 Kg5 32. Be8 f6 33. Bd7 Kxg4 34. Bxe6+ Kf3 35. Bf7 f5 36. Kd3 {a nyní by vyhrávalo c4.} Bg1 $2 {[%eval 986,23] [%wdl 1000,0,0][%mdl 8192]} (36... Bd6 $11 {[%eval 0,55] [%wdl 9,982,9]}) {[%tqu "En","","","","c3c4","",10]} 37. c4 $1 $18 Kg4 38. c5 h5 39. c6 $2 {[%eval 0,59] [%wdl 9,983,8]} (39. a4 $18 {[%eval 947,21] [%wdl 1000,0,0]}) 39... Bb6 $11 {Pozice je vyrovnaná.} 40. Ke2 h4 {[%cal Bh5h4,Bh4h3,Bh3h2][%mdl 32]} 41. Be6 h3 42. Kf1 Kf4 43. a4 Ke4 44. c7 {[%mdl 64] [#] Odvlečení} Bxc7 45. Kg1 Bg3 46. Bc8 h2+ 47. Kh1 f4 48. b5 f3 49. a5 f2 {[%cal Rf2f1]} 50. Bh3 Bc7 51. b6 Bxb6 52. axb6 axb6 {and ...b5 would now be decisive} 53. Bf1 {Vážená hodnota chyby: Bílý=0.26 (přesné) /Černý=0.42  Prohrává partii:  	---       	Černý=1     Nepřesné:     	Bílý=5    	Černý=6     OK:         	Bílý=23    	Černý=16    Nejlepší:     	Bílý=2    	Černý=2     Silný:       	Bílý=1    	---} 1/2-1/2

[Event "KSB 24/25,Koprivnice A - Slavoj F"]
[White "Pustejovsky, Patrik"]
[Black "Vermirovsky, vlastimil"]
[Site "?"]
[Round "11.2"]
[Annotator "Taktická analýza 7.0"]
[Result "1-0"]
[Date "2025.03.30"]
[WhiteElo "1871"]
[BlackElo "2051"]
[PlyCount "61"]
[GameId "2161206341787431"]
[EventDate "2025.??.??"]

{[%evp 21,61,99,95,91,80,78,90,38,62,61,67,22,77,73,242,231,228,233,234,250,380,352,373,349,719,695,848,863,866,794,970,1025,1409,1405,1309,1009,992,985,965,962,2907,2729]} 1. e4 c5 2. Nf3 d6 3. d4 cxd4 4. Nxd4 Nf6 5. Nc3 Nc6 6. Bg5 e6 7. Qd2 a6 8. O-O-O h6 9. Nxc6 bxc6 10. Bf4 d5 11. Qe3 Bb4 12. Be2 {B66: Sicilská obrana, Rauzerův útok, obrana se 7...a6.} O-O {usiluje o ...Sxc3.} 13. e5 Nh7 14. h4 {Bílý stojí lépe.} Qa5 15. Rh3 {[%cal Of4h6] Bílý je aktivnější.} Bc5 16. Qd2 {[%cal Of4h6]} Rb8 {[%cal Od5d4]} (16... Bxf2 $6 17. Rf1 d4 18. Ne4 (18. Rxf2 dxc3 19. Rxc3 Qxa2 $16) 18... Qxd2+ (18... Qxa2 $2 19. Ra3 $18) 19. Bxd2 $16) (16... Ra7 {zjednodušuje} 17. a3 Bxa3 18. Nxd5 Qxd2+ 19. Kxd2 Bxb2 20. Nb6 a5) 17. Bxh6 $146 {[%cal Bf4h6,Bh6d2,Bd2b4][%mdl 32]} ({Přechůdce:} 17. Kb1 Rb7 18. Bd3 f5 19. exf6 Nxf6 20. Nxd5 Qd8 21. Ne3 Qd4 22. Nc4 Ne4 23. Bxe4 Qxc4 {1-0 Huschenbeth,N (2535)-Shishkin,V (2507) Hamburg St Pauli op-A 2015 (4)}) 17... Ba3 $2 {[%eval 242,28] [%wdl 977,23,0] Chyba, která stojí partii.} (17... gxh6 $2 {je špatné braní.} 18. Rg3+ Kh8 (18... Ng5 $2 19. hxg5 Be7 20. g6 $18) 19. Qxh6 $18) (17... Rb7 $16 {[%eval 73,31] [%wdl 140,859,1] bylo nezbytné.}) {[%tqu "En","","","","c3b5","",10]} 18. Nb5 $1 $18 {[%csl Oa5][%mdl 576] [#] Odtažné napadení} Bxb2+ ({ale ne} 18... Bb4 $2 19. c3 Rxb5 20. Bxb5 $18 (20. cxb4 Qxb4 21. Rg3 Qxd2+ 22. Rxd2 Rb4 $18) (20. Rg3 Bxc3 21. Rxc3 Rc5 $16)) 19. Kxb2 Qxd2 20. Bxd2 axb5 {Černý je slabý po černých polích} 21. Bb4 Re8 22. Rd4 Nf8 $2 {[%eval 719,32] [%wdl 1000,0,0]} (22... Rb7 {[%eval 349,30] [%wdl 999,1,0]} 23. Rg3 Rd8) 23. Rg3 {Bílý je jasně vyhraný.} Rb7 24. Rdg4 g6 25. h5 f6 26. exf6 e5 27. hxg6 Bxg4 28. f7+ {[%mdl 64] [#] Mezitah} Rxf7 29. gxf7+ Kxf7 30. Bxg4 {Sh5+ by bylo smrtelné.} e4 31. Bh5+ {Vážená hodnota chyby: Bílý=0.43/Černý=1.01  Prohrává partii:  	---       	Černý=1     Chyba:        	---       	Černý=1     Nepřesné:     	Bílý=2    	Černý=2     OK:         	Bílý=4    	Černý=5     Nejlepší:     	Bílý=2    	---} 1-0

[Event "KSB 24/25,Koprivnice A - Slavoj F"]
[White "Omamik, Pavel"]
[Black "Svoboda, Tobias"]
[Site "?"]
[Round "11.3"]
[Annotator "Taktická analýza 7.0"]
[Result "1-0"]
[Date "2025.03.30"]
[WhiteElo "2041"]
[BlackElo "1835"]
[PlyCount "105"]
[GameId "2161218824585295"]
[EventDate "2025.??.??"]

{[%evp 11,104,-46,-23,-53,-52,-60,-36,-90,-79,-174,-101,-113,-91,-115,-109,-95,-28,-37,-36,-44,-16,-34,32,0,47,-24,0,0,0,0,0,-25,0,-43,0,0,120,0,108,111,127,75,130,115,141,2,18,0,0,0,0,0,0,0,0,-5,0,0,0,0,0,0,0,0,9,10,23,-110,675,654,662,655,769,735,1030,1026,1023,1045,1227,1227,1216,1097,2250,1853,29996,29988,29995,29996,29996,29997,29997,29998,29998,29999,29999]} 1. f4 d5 2. Nf3 Nf6 3. e3 c5 4. b3 g6 5. Bb2 Bg7 6. Bb5+ Bd7 7. Be2 {A03: Birdova hra s 1...d5.} Nc6 8. O-O O-O 9. Qc1 {Černý stojí mírně lépe.} Bg4 10. d3 Re8 $146 {[%cal Oe7e5]} ({Přechůdce:} 10... d4 11. e4 Bh6 12. h3 Bxf3 13. Bxf3 e5 14. g3 Qc7 15. Qd2 exf4 16. g4 Nd7 17. Qh2 Bg7 {0-1 Ruth,W (1930)-Sakaev,K (2535) Mainz op 1995 (1)}) 11. Nbd2 Qc7 {[%cal Oe7e5]} 12. h3 Bxf3 13. Nxf3 Nh5 14. Bxg7 Kxg7 15. Qe1 Nf6 16. Qh4 {[%cal Of4f5]} e5 {[%tqu "En","","","","f4f5","",10]} 17. f5 Qe7 (17... e4 $5 18. fxg6 exf3 19. Rxf3 (19. gxf7 Qxf7 20. Rxf3 Ne5 $17) 19... Qe5 $11) 18. e4 (18. g4 $5 Nd7 (18... e4 19. g5 $14) 19. g5 (19. Ng5 h6 $11) 19... gxf5 20. Qh5 $11) 18... dxe4 19. dxe4 Nd4 {Potlačuje Sb5.} 20. Bd3 Nh5 {Vynikající jezdectví.} 21. Qg4 Nf6 22. Qg5 Nh5 {...Jxf3+ je silná hrozba.} (22... Nxf3+ {zjednodušuje} 23. Rxf3 h6 24. Qe3 g5) 23. Qe3 f6 24. Nd2 Nf4 25. c3 Nc6 26. Bc4 Red8 27. Rf2 a6 28. a4 Na5 29. Kh2 Nxc4 30. Nxc4 Rd3 31. Qe1 Rad8 32. g3 {doufá v Jb2.} Nh5 33. Ne3 Qf7 34. Raa2 {[%cal Ba1a2,Ba2b2,Bb2b6][%mdl 32]} Qxb3 35. Rab2 $36 {[%mdl 2048] bílý má určitý tlak.} Qf7 ({ale ne} 35... Qxa4 36. Rxb7+ R8d7 37. Rxd7+ Qxd7 38. Qc1 $11) 36. Rg2 Qd7 37. Qb1 Rb8 (37... Rxe3 38. Rxb7 Kh6 39. Rxd7 Rxd7 40. Qc1 $18) 38. Nd5 c4 39. Rb6 g5 $2 {[%eval 675,26] [%wdl 1000,0,0][%mdl 8192] Tento tah stojí černého partii.} (39... Qxa4 $2 {zhyne.} 40. Rxb7+ Rxb7 41. Qxb7+ Kg8 42. Qb8+ Kg7 43. Qb7+ (43. g4 Nf4 $16) 43... Kh6 44. Qf7 Rxd5 45. Qf8+ (45. Qxd5 Qe8 $18) (45. exd5 Qa3 $18) 45... Ng7 46. exd5 $18) (39... gxf5 $17 {[%eval -110,36] [%wdl 0,713,287]} 40. Qf1 Kh8 (40... fxe4 41. Nxf6 Qf7 42. Nxh5+ Qxh5 43. Qf6+ Kg8 44. Qe6+ Qf7 45. Qg4+ Kh8 46. Qxe4 $15) 41. Nxf6 Nxf6 (41... Qxa4 42. Qxf5 Nxf6 43. Qxf6+ Kg8 44. Qg5+ Kh8 45. Qxe5+ Kg8 46. Qxb8+ Kg7 47. Rxb7+) 42. Rxf6 f4 (42... Qxa4 $2 43. Qxf5 Qe8 44. Rf7 $18) (42... Rxc3 43. Rxf5 Rg8 44. Rf7 $11)) 40. Qb4 $18 Rd1 {[%cal Bd3d1,Bd1a1,Ba1a4][%mdl 32]} 41. Qxc4 Ra1 42. Rgb2 {[%cal Bg2b2,Bb2b7,Bb7e7][%mdl 32]} Rxa4 43. Qe2 Qf7 44. Re6 Re8 45. Rxe8 {[%mdl 64] [#] Odvlečení} Qxe8 46. Rxb7+ Kh6 47. Re7 Qg8 48. c4 {Bílý matí.} Qh8 49. Ne3 {[%cal Bd5e3,Be3g4,Bg4f6][%mdl 32]} Nxg3 50. Ng4+ Kh5 51. Nxf6+ {[%csl Oh5][%mdl 64] [#] Odtažné napadení (Dvojitý šach), Dvojí úder} Kh6 {[%tqu "En","","","","e2h5","",10]} 52. Qh5+ $3 {[%mdl 576] Rentgen} Nxh5 53. Ng4# {Geniální hra 3345506655o!   Vážená hodnota chyby: Bílý=0.33/Černý=0.68  Prohrává partii:  	---       	Černý=1     Nepřesné:     	Bílý=9    	Černý=8     OK:         	Bílý=8    	Černý=9     Nejlepší:     	Bílý=4    	Černý=3} 1-0

[Event "KSB 24/25,Koprivnice A - Slavoj F"]
[White "Kudla, Martin"]
[Black "Slavinsky, Rostislav"]
[Site "?"]
[Round "11.4"]
[Annotator "Taktická analýza 7.0"]
[Result "1-0"]
[Date "2025.03.30"]
[WhiteElo "1892"]
[BlackElo "1934"]
[PlyCount "85"]
[GameId "2161248315257171"]
[EventDate "2025.??.??"]

{[%evp 12,85,103,83,153,142,142,92,98,76,75,34,42,33,44,0,26,0,0,0,9,18,6,0,0,0,7,10,50,52,57,41,43,7,0,0,2,0,1,0,2,0,0,0,0,0,0,0,0,-6,0,0,0,0,0,-8,0,0,45,46,98,100,496,491,499,439,483,475,453,459,719,709,720,691,2326,2325]} 1. e4 d6 2. d4 Nf6 3. Bd3 e5 4. Nf3 Bg4 5. c3 Nc6 6. d5 Ne7 7. h3 Bxf3 {C44: Skotský gambit a Ponzianiho zahájení.} 8. Qxf3 Nd7 9. O-O $146 ({Přechůdce:} 9. c4 g6 10. Nc3 Bg7 11. g4 c6 12. Be3 Nc8 13. O-O-O Bf6 14. h4 h5 15. g5 {1/2 Milovanovic,R (2430)-Tringov,G (2440) Cetinje 1996}) 9... g6 {Bílý stojí lépe.} 10. Bg5 Bg7 {Potlačuje Sf6. Černý je slabý po bílých polích} 11. Bb5 {Bílý je mnohem aktivnější.} O-O 12. Bxd7 Qxd7 13. Bf6 Nc8 14. Nd2 Bxf6 15. Qxf6 Qe7 16. Qxe7 Nxe7 17. f4 exf4 18. Rxf4 f5 19. c4 Rad8 20. Nf3 c6 21. Ng5 {[#] černý nyní musí zabránit tahu Je6.} fxe4 22. Rxf8+ Rxf8 23. dxc6 bxc6 {a nyní by vyhrávalo ...d5.} 24. Nxe4 $14 {[%mdl 4096] Koncovka KVJ-KVJ} d5 25. cxd5 cxd5 26. Nc3 Rb8 27. Re1 Kf7 28. Re2 a6 29. Rd2 Ke6 30. b3 Rc8 31. Ne2 Ke5 32. Nd4 Nf5 33. Nf3+ Kf4 34. Rxd5 Rc2 35. Rd2 Rc1+ 36. Kf2 Ng7 $2 {[%eval 496,33] [%wdl 1000,0,0][%mdl 8192] [#] Po tomto už černý partii neudrží.} (36... h5 $16 {[%eval 100,40] [%wdl 226,774,0] klade větší odpor.}) 37. g3+ {[%cal Bg2g3,Bg3g4][%mdl 32] Bílý je jasně vyhraný.} Kf5 38. g4+ Kf6 39. Rd6+ Ke7 40. Rxa6 h5 {[%eval 719,29] [%wdl 1000,0,0]} (40... Ne6 $142 {[%eval 459,30] [%wdl 1000,0,0]} 41. Ra7+ Nc7) 41. Rxg6 $18 Rc2+ 42. Kg3 Ne6 {[%tqu "En","","","","g6e6","",10]} 43. Rxe6+ $1 {Vážená hodnota chyby: Bílý=0.11 (velmi přesné) /Černý=0.61  Prohrává partii:  	---       	Černý=1     Chyba:        	---       	Černý=1     Nepřesné:     	Bílý=5    	Černý=4     OK:         	Bílý=11    	Černý=10    Nejlepší:     	Bílý=3    	Černý=1} 1-0

[Event "KSB 24/25,Koprivnice A - Slavoj F"]
[White "Socha, Jaromir"]
[Black "Richard, Kudla"]
[Site "?"]
[Round "11.5"]
[Annotator "Taktická analýza 7.0"]
[Result "0-1"]
[Date "2025.03.30"]
[WhiteElo "1887"]
[BlackElo "2098"]
[PlyCount "44"]
[GameId "2161267758748255"]
[EventDate "2025.??.??"]

{[%evp 15,44,-44,-39,-78,-69,-76,-79,-92,-62,-69,-70,-104,-46,-294,-262,-325,-347,-353,-252,-472,-324,-360,-361,-585,-588,-543,-549,-647,-639,-835,-837]} 1. Nf3 d5 2. b3 Nf6 3. Bb2 c5 4. g3 Nc6 5. Bg2 g6 6. O-O Bg7 7. d3 O-O 8. Nbd2 Qc7 9. e4 {9.e4 má lepší výsledky než 9.c4. A05: Rétiho hra s 1...Jf6.} dxe4 10. dxe4 Rd8 11. Qc1 {Černý stojí lépe.} Bh6 $146 {[#]} ({Přechůdce:} 11... Bg4 12. Re1 Bh6 13. Bc3 Bxf3 14. Bxf3 Nd4 {0-1 Cederquist,B (1983)-Bennborn,J (2330) SWE-ch email ICCF email 2011}) {[%tqu "En","","","","c1e1","",10]} 12. Qe1 Nb4 13. Rc1 Bg4 {Černý má aktivnější figury.} 14. Be5 $2 {[%eval -294,31] [%wdl 0,5,995]} (14. e5 $15 {[%eval -46,34] [%wdl 4,926,70]} Nh5 15. a3) 14... Qd7 $19 15. Bf4 Bxf4 16. gxf4 Bh3 {[#] ...Dg4 should not be overlooked} 17. Qe3 $2 {[%eval -472,28] [%wdl 0,0,1000]} (17. f5 {[%eval -252,32] [%wdl 0,17,983]} Bxg2 18. Kxg2) 17... Qg4 18. Ne1 Nh5 19. Qxh3 $2 {[%eval -585,33] [%wdl 0,0,1000]} (19. Kh1 {[%eval -361,33] [%wdl 0,0,1000] bylo vynuceno.} Qxf4 (19... Nxf4 20. Bxh3 Qxh3 21. Qxf4 $17) 20. Qxh3 Qxd2 (20... Rxd2 $2 21. Bf3 $19) 21. Nf3) 19... Qxh3 {Černý je jasně vyhraný.} ({horší je} 19... Qxf4 20. Nef3 $16) 20. Bxh3 {Jc4 by bylo smrtelné.} Nxf4 (20... Rxd2 $2 21. Ng2 $19 (21. Nf3 $2 Rdd8 $19)) 21. Bg4 {Uhýbá Je2+} Rxd2 22. c3 Nxa2 {Bílý se v pozici po zahájení necítil jako doma.   Vážená hodnota chyby: Bílý=1.05/Černý=0.25 (přesné)   Prohrává partii:  	Bílý=1    	---        Chyba:        	Bílý=2    	---        Nepřesné:     	Bílý=2    	Černý=3     OK:         	Bílý=2    	Černý=6     Nejlepší:     	---       	Černý=1} 0-1

[Event "KSB 24/25,Koprivnice A - Slavoj F"]
[White "Zidek, Damian"]
[Black "Briza, Jiri"]
[Site "?"]
[Round "11.6"]
[Annotator "Taktická analýza 7.0"]
[Result "0-1"]
[Date "2025.03.30"]
[WhiteElo "1695"]
[BlackElo "1867"]
[PlyCount "190"]
[GameId "2161274774881206"]
[EventDate "2025.??.??"]

{[%evp 12,190,52,38,211,193,277,238,280,132,160,137,232,188,317,192,269,200,543,522,763,370,679,487,549,368,347,355,742,340,303,297,419,413,584,518,614,609,694,669,675,584,569,547,587,565,828,795,882,842,958,800,947,926,977,965,986,959,971,949,937,846,885,848,862,559,582,560,516,0,0,0,0,0,0,0,0,0,0,0,0,0,0,0,0,0,0,0,0,0,0,0,0,0,0,0,0,0,0,0,0,0,0,0,0,0,0,0,0,0,0,0,0,0,0,0,0,0,0,0,0,0,0,0,0,0,0,0,0,0,0,0,0,0,0,0,0,-29974,-29975,-29976,0,-29973,-29973,-29973,-29972,-29974,-29977,-29976,-29976,-29978,-29977,-29977,-29978,-29978,-29979,-29979,-29980,-29980,-29981,-29981,-29981,-29981,-29982,-29982,-29983,-29983,-29984,-29984,-29984,-29984,-5486,-29984,-29985,-29985,-29986,-29986,-29987,-29989,-29990,-29991,-29992]} 1. e4 e5 2. d4 exd4 3. Qxd4 Nc6 4. Qe3 d6 5. Nc3 Nf6 6. Bd2 Be7 7. O-O-O Ng4 $2 {[%eval 211,26] [%wdl 930,70,0] C22: Střední hra.} (7... O-O $14 {[%eval 38,26] [%wdl 71,922,7]}) 8. Qe1 $18 Be6 9. h3 Nge5 {[%cal Bg4e5,Be5d7,Bd7b6][%mdl 32] Bílý stojí jasně lépe.} 10. Nd5 Nd7 $146 ({Přechůdce:} 10... Bxd5 11. exd5 Nb8 12. f4 Ned7 13. Nf3 O-O 14. c4 Re8 15. Bd3 Bf6 16. Qf2 Nc5 {0-1 Daghli,A (2066)-Khademi,M (2281) Tehran Paytakht Cup 1st 2016 (5)}) 11. f4 Nb6 12. Bc3 f6 13. Qg3 Rg8 14. a3 Nb8 $2 {[%eval 543,26] [%wdl 1000,0,0]} (14... Qd7 {[%eval 200,29] [%wdl 915,85,0] klade větší odpor.} 15. Nf3 O-O-O) 15. Nf3 c6 16. Ne3 {[%eval 370,26] [%wdl 1000,0,0]} (16. Nd4 $142 {[%eval 763,26] [%wdl 1000,0,0]} Bd7 17. Nxb6 axb6 18. e5 (18. Bc4 Kf8 $18)) 16... c5 $2 {[%eval 679,25] [%wdl 1000,0,0]} (16... N8d7 {[%eval 370,26] [%wdl 1000,0,0]} 17. Nd4 Bf7) 17. Nd5 N8d7 18. Nxe7 Qxe7 19. f5 Bf7 $2 {[%eval 742,28] [%wdl 1000,0,0]} (19... Bc4 {[%eval 355,29] [%wdl 999,1,0]} 20. Rxd6 (20. Qxd6 Qxd6 21. Rxd6 Ke7 $16) 20... O-O-O) 20. Qxd6 {[%eval 340,33] [%wdl 999,1,0]} (20. Rxd6 $142 {[%eval 742,28] [%wdl 1000,0,0]} a6 21. Ba5) 20... Qxd6 21. Rxd6 {[#] a nyní by vyhrávalo e5.} Ke7 22. Rd1 a6 {[%eval 584,30] [%wdl 1000,0,0]} (22... Rac8 {[%eval 413,29] [%wdl 1000,0,0] stálo za pokus.} 23. e5 fxe5 24. Nxe5 Nxe5) 23. g4 Na4 24. Be1 Rge8 25. b3 Nab6 26. c4 Kf8 27. Bd3 a5 28. a4 g5 29. Bc3 Nc8 30. Bc2 Ncb6 31. Rhe1 h6 32. Rd6 Ke7 33. Red1 Ra6 34. e5 Nxe5 35. Nxe5 fxe5 36. Bxe5 Kf8 37. Bc3 Nxa4 38. Rxa6 Nxc3 39. Rxh6 (39. Rxa5 Nxd1 40. Bxd1 (40. Kxd1 b6 $16) 40... b6 $18) 39... Nxd1 40. Rh8+ $2 {[%eval 0,66] [%wdl 9,983,8]} (40. Bxd1 a4 $18) (40. Kxd1 $18 {[%eval 516,30] [%wdl 1000,0,0]} a4 41. bxa4) 40... Kg7 $11 41. Rxe8 Bxe8 42. Kxd1 {[%mdl 4096] Koncovka KS-KS. Bílý is a pawn up.} Kf6 43. Be4 b5 44. Bd3 b4 45. Be4 Ke5 46. Bd5 a4 47. bxa4 Bxa4+ 48. Kd2 Kf6 49. Be4 Ke5 50. Bb1 Bc6 51. Ke3 Bg2 52. Bd3 b3 (52... Bxh3 $2 53. Kf3 b3 54. Kg3 $18) 53. Kd2 Bxh3 (53... b2 $5 54. Kc2 $8 Bxh3 $11) 54. Be2 Bg2 (54... b2 $5 55. Kc2 $8 Bg2 $11) 55. Kc3 Bc6 56. Kxb3 Be8 57. Bf3 Bf7 58. Bd5 Be8 59. Kc3 Ba4 60. Bf3 {Odráží Sd1.} Be8 61. Kd3 Ba4 62. Ke3 Bb3 63. Be2 Ba4 64. Kd3 Bc6 65. Kc3 Be8 66. Kb3 Bc6 67. Ka3 Be8 68. Bd1 Bc6 69. Ka2 Be4 70. Kb2 Bc6 71. Ka3 Be8 72. Ba4 {[%tqu "En","","","","e8f7","",10]} Bf7 $1 73. Bd7 Bxc4 {( -> ...Se2)} 74. Ka4 $2 {[%eval -32715,48] [%wdl 0,0,1000][%mdl 8192] [#] Bílý je na cestě k prohře.} (74. Be8 $11 {[%eval 0,60] [%wdl 12,975,13]}) 74... Be2 75. Ka5 Kf6 $2 {[%eval 0,50] [%wdl 13,974,13]} (75... Bxg4 {[%eval -32719,40] [%wdl 0,0,1000] matí} 76. f6 Be6 (76... Bxd7 $2 {zhyne.} 77. f7 $18) 77. Bc6 g4 (77... Kxf6 78. Kb5 $19) 78. Kb5 Kd4 (78... Kxf6 $2 79. Kxc5 Ke5 80. Bg2 $19) (78... c4 $2 79. Kb4 $19) 79. Bb7 g3 (79... c4 $2 80. Bc8 $19) 80. Bg2 c4 81. Bf1 c3 82. Bh3 Ke5 (82... Bxh3 83. f7 $15) 83. Bg2 c2 (83... Kxf6 84. Be4 Ke5 85. Bd3 g2 86. Kb4 g1=Q 87. Bh7 Qd4+ 88. Ka5 Bd7 89. Bf5 Bxf5 90. Kb5 Bd3+ 91. Kc6 Ba6 92. Kc7 Qd6#) 84. Bf3 c1=Q (84... c1=B $2 85. Bg2 $19) 85. f7 Bxf7 (85... Qf1+ 86. Be2 Qxe2+ 87. Kb6 Bxf7 88. Kc5 g2 89. Kb6 g1=Q+ 90. Kb7 Qb5+ 91. Kc8 Qgc5+ 92. Kd8 Qe8#) 86. Bg2 Kd6 (86... Qb2+ 87. Kc6 Qxg2+ 88. Kc5 Qd5+ 89. Kb6 Kd6 90. Ka7 Qa5+ 91. Kb8 Qc7+ 92. Ka8 Bd5#) 87. Ka6 Bc4+ 88. Kb7 Qb2+ 89. Ka8 Kc7 90. Bh3 Qb8#) 76. Bc6 $2 {[%eval -32713,52] [%wdl 0,0,1000][%mdl 8192]} (76. Ba4 $11 {[%eval 0,50] [%wdl 13,974,13]}) 76... Bxg4 77. Kb5 Bxf5 78. Kxc5 {[%tqu "En","","","","f6e5","",10]} Ke5 $1 79. Bf3 Kf4 80. Bd1 Bg4 81. Ba4 Bf5 82. Bd1 Be4 83. Kd4 Bf3 84. Bc2 g4 85. Bd3 Bg2 86. Ba6 g3 87. Bb5 Kf3 88. Bd7 Kf2 89. Ke5 Bf1 90. Bc6 {[%tqu "En","","","","f2e3","",10]} Bb5 {[%eval -5486,20] [%wdl 0,0,1000]} 91. Bd5 Ke3 {Černý matí.} 92. Bb7 Be2 93. Bg2 Kf2 94. Bh1 Bf3 95. Kf4 Bxh1 {Vážená hodnota chyby: Bílý=0.56/Černý=0.71  Prohrává partii:  	Bílý=1    	---        Vypuštěná výhra: 	Bílý=1    	---        Chyba:        	Bílý=2    	Černý=4     Nepřesné:     	Bílý=2    	Černý=7     OK:         	Bílý=23    	Černý=20    Nejlepší:     	Bílý=1    	Černý=1     Silný:       	---       	Černý=1} 0-1